000 00788nam a2200253 i 4500
001 6161
003 ES-MaACL
005 20230906144820.0
007 t|
008 890822s1987 xxk |||| |deng d
020 _a0-7123-0125-9
080 _a027(410)
080 _a929 Dainton, Frederick, Sir
245 0 4 _aThe world of books and information
_b: essays in honour of Lord Dainton /
_cedited by Maurice Line.
250 _a1st ed.
260 _aLondon :
_bThe British Library,
_c1987.
300 _aVIII, 214 p. ;
_c24 cm.
600 1 4 _aDainton, Frederick.
_942457
650 4 _aBibliotecas-
_zGran BretaƱa.
_9172418
700 1 _aDainton, Frederick.
_942457
700 1 _aLine, Maurice.
_972427
710 2 _aBritish Library.
_92244
852 _aES-MaACL
_jL-13351
_z- Enc. tela
999 _c6161
_d6161